LEADER 01603nam 2200409 n 450 001 996387041803316 005 20200824125026.0 035 $a(CKB)1000000000613654 035 $a(EEBO)2240861318 035 $a(UnM)99829522e 035 $a(UnM)99829522 035 $a(EXLCZ)991000000000613654 100 $a19950609d1679 uy | 101 0 $aeng 135 $aurbn||||a|bb| 200 14$aThe mystery of Jesuitism$b[electronic resource] $ediscovered in certain letters, written upon occasion of the present differences at Sorbonne between the Jansenists and the Molinists, displaying the pernicious maximes of the late Casuists. With additionals 205 $a[3rd. ed.] 210 $aLondon $cprinted for Richard Royston, book-seller to his Most Sacred Majesty$dM DC LXX XIX. [1689 [i.e. 1679]] 215 $a[21], 342, [4], 126, [3], 1 plate, 1 folded plate 300 $aTranslation of Pascal's Les provinciales. 300 $a"Additionals to The mystery of Jesuitism" has special t.p. and separate pagination. 300 $aIncludes index. 300 $aEdition statement from Wing. 300 $aReproduction of original in the University of Illinois (Urbana-Champaign Campus). Library. 330 $aeebo-0062 606 $aJansenists$vEarly works to 1800 607 $aPort Royal (France) 615 0$aJansenists 700 $aPascal$b Blaise$f1623-1662.$028760 801 0$bCu-RivES 801 1$bCu-RivES 801 2$bCStRLIN 801 2$bWaOLN 906 $aBOOK 912 $a996387041803316 996 $aThe mystery of Jesuitism$91886258 997 $aUNISA LEADER 00894nam a2200253 i 4500 001 991002637669707536 005 20020508203555.0 008 940516s1993 it ||| | ita 020 $a8821525678 035 $ab11039012-39ule_inst 035 $aPARLA166392$9ExL 040 $aDip.to Filosofia$bita 100 1 $aGalantino, Nunzio$0537921 245 10$aDire "uomo" oggi :$ble nuove vie dell'antropologia filosofica /$cNunzio Galantino 260 $aMilano :$bPaoline,$cc1993 300 $a191 p. ;$c221 cm. 490 0 $aUniverso filosofia ;$v4 650 4$aAntropologia filosofica 907 $a.b11039012$b23-02-17$c28-06-02 912 $a991002637669707536 945 $aLE005 MF 28 E 1$g1$i2005000231605$lle005$o-$pE0.00$q-$rl$s- $t0$u0$v0$w0$x0$y.i11161528$z28-06-02 996 $aDire "uomo" oggi$9858851 997 $aUNISALENTO 998 $ale005$b01-01-94$cm$da $e-$fita$git $h0$i1